[Event "GBR-ch U16 106th"]
[Site "Torquay"]
[Date "2019.07.30"]
[Round "3"]
[White "Catabay, Asci Khela"]
[Black "Phillips, David"]
[Result "0-1"]
[WhiteElo "1120"]
[BlackElo "1822"]
[PlyCount "104"]
[EventDate "2019.07.28"]
[EventType "swiss"]
[EventRounds "7"]
[EventCountry "ENG"]
[SourceTitle "EXT 2020"]
[Source "ChessBase"]
[SourceDate "2019.10.17"]
[SourceVersion "1"]
[SourceVersionDate "2019.10.17"]
[SourceQuality "1"]

1. e4 b6 2. d4 Bb7 3. Nc3 e6 4. a3 d6 5. Nf3 Nd7 6. Be2 Ne7 7. 0-0 g6 8. Re1 Bg7 9. d5 e5 10. b4 0-0 11. Rb1 h6 12. Na4 f5 13. Bc4 fxe4 14. Rxe4 Nf6 15. Re1 Bxd5 16. Bxd5+ Nfxd5 17. c4 Nf4 18. Bxf4 Rxf4 19. c5 Kh7 20. g3 Rf6 21. Nc3 Qf8 22. Re3 Rf5 23. cxd6 cxd6 24. Ne4 d5 25. Nd6 Rf6 26. Nb5 e4 27. Nfd4 a6 28. Nc7 Ra7 29. Nce6 Qf7 30. Nxg7 Kxg7 31. f4 Rc7 32. Qg4 Rc4 33. Ne2 Nf5 34. Reb3 d4 35. Rf1 d3 36. Rb2 Ne3 37. Qh3 Nxf1 38. Qxf1 dxe2 39. Qxe2 Rc1+ 40. Kg2 Qc4 41. Qxc4 Rxc4 42. a4 Rd6 43. h4 Rdd4 44. b5 Rxa4 45. bxa6 Rxa6 46. Kh3 h5 47. f5 gxf5 48. Rf2 Kg6 49. Rf4 Rd2 50. Rf1 Raa2 51. Rh1 Rac2 52. g4 Rd3# 0-1